| 000 | 01411cas a2200373 i 4500 | ||
|---|---|---|---|
| 001 | 11273333 | ||
| 003 | CSPC | ||
| 005 | 20250911145523.0 | ||
| 008 | 101624c2013 vaumr p 0 a0eng c | ||
| 010 | _a 83643674 | ||
| 022 | 0 |
_a0733-9364 _l0733-9364 _21 |
|
| 037 | _bASCE, 1801 Alexander Bell Dr., Reston, VA 20191-4400 | ||
| 040 |
_aNSD _beng _cCSPC _dDLC _dNST |
||
| 050 | 0 | 0 |
_aTA1 _b.A5236 |
| 082 | 0 | 4 |
_a624/.05 _219 |
| 245 | 0 | 0 |
_aJournal of construction engineering and management / _cAmerican Society of Civil Engineers. |
| 246 | 1 | 8 | _aASCE construction engineering and management |
| 264 |
_aNew York, N.Y. : _bAmerican Society of Civil Engineers _ccopyright 2013 |
||
| 300 |
_avolumes : _billustrations ; _c28 cm |
||
| 310 | _aMonthly | ||
| 336 |
_atext _btxt _2rdacontent |
||
| 337 |
_aunmediated _bn _2rdamedia |
||
| 338 |
_avolume _bnc _2rdacarrier |
||
| 490 | _3Printed Journal Collection | ||
| 504 | _aIncludes bibliographical references. | ||
| 521 | _aCollege of Engineering and Architecture (CEA) | ||
| 650 | 0 |
_aConstruction industry _xManagement _vPeriodicals. |
|
| 650 | 0 |
_aCivil engineering _vPeriodicals. |
|
| 650 | 0 |
_aBuilding _vPeriodicals. |
|
| 655 | 7 |
_aPeriodicals. _2fast _0(OCoLC)fst01411641 |
|
| 710 | 2 | _aAmerican Society of Civil Engineers. | |
| 942 |
_2ddc _cSERIALS _n0 _h624/.05 _kSER _m2021 |
||
| 999 |
_c28396 _d28396 |
||